Statistiques concernant Culture Générale - Série 1587

Cliquez ici pour prendre le quiz!

Statistiques générales

  • Ce quiz a été pris 128 fois
  • Le résultat moyen est 6 sur 10

Statistiques - réponses

QuestionRéponse% Correct
Si le réparateur vous informe que votre téléviseur est "H.S.", cela signifie qu'il est hors...Service
97%
Comment s'appelle le méchant sorcier ennemi des Schtroumpfs ?Gargamel
94%
A la tête du Néo-Destour, pour l'indépendance de quel pays Habib Bourguiba a-t-il milité ?Tunisie
78%
Le nom de la statue de la Liberté de Bartholdi à New York est "La Liberté éclairant...le monde
65%
Le roman de l'écrivain américain William Styron, adapté au cinéma en 1982 avec Meryl Streep dans le rôle principal, s'intitule “Le Choix de...Sophie
58%
Quel pays sert d'ancrage au roman “La Condition humaine” d'André Malraux ?Chine
53%
Dans quelle ville le prophète Mahomet est-il mort ?Médine
46%
Quel physicien italien naturalisé américain (anagramme : frime), construisit la première pile atomique ?Enrico Fermi
40%
Quelle actrice incarne Yvette aux côtés de Jean Gabin, dans le film de Claude Autant-Lara, "En cas de malheur" ?Brigitte Bardot
20%
A bord de quel baleinier le capitaine Achab poursuit-il Moby Dick ?Le Pequod
5%

Distribution des résultats

Percentile par nombre de réponses

% des personnes avec chaque résultat

Votre développement - résultats

Vous n’avez pas pris ce quiz